| 000 | 00348nam a2200133Ia 4500 | ||
|---|---|---|---|
| 005 | 20251222141956.0 | ||
| 008 | 251222s9999||||xx |||||||||||||| ||spa|| | ||
| 020 | _a84-8088-054-6 | ||
| 082 | _a658.022/D63 | ||
| 100 | _aDeus Nogueira, José Luis | ||
| 245 | 0 | _aDiseño de la Estrategia Empresarial | |
| 264 | _bEdiciones Gestión 2000 | ||
| 942 | _cLIB | ||
| 999 |
_c9861 _d9861 |
||